| 000 | 00000nam 2200000zi 4500 |
| 001 | 9.930153 |
| 003 | CaOODSP |
| 005 | 20231109131040 |
| 006 | m o d f |
| 007 | cr |n||||||||| |
| 008 | 231109e20231102oncd ob f000 0 eng d |
| 040 | |aCaOODSP|beng|erda|cCaOODSP |
| 043 | |an-cn--- |
| 086 | 1 |aYN5-275/2023E-PDF |
| 245 | 04|aThe life cycle cost of Canada’s F-35 program – a fiscal analysis. |
| 264 | 1|a[Ottawa] : |bOffice of the Parliamentary Budget Officer = Bureau du directeur parlementaire du budget, |cNovember 2, 2023 |
| 264 | 4|c©2023 |
| 300 | |a1 online resource (17 pages) : |bcharts |
| 336 | |atext|btxt|2rdacontent |
| 337 | |acomputer|bc|2rdamedia |
| 338 | |aonline resource|bcr|2rdacarrier |
| 500 | |aCover title. |
| 500 | |aIssued also in French under title: Le coût du cycle de vie du programme des F-35 du Canada – une analyse financière. |
| 504 | |aIncludes bibliographical references (pages 16-17). |
| 520 | |a"This report presents a cost analysis of Canada’s F-35 program, including estimates for the Development, Acquisition, Operations and Sustainment, and Disposal phases"--title page verso. |
| 650 | 0|aF-35 (Military aircraft)|xCosts. |
| 650 | 0|aLife cycle costing|zCanada. |
| 710 | 1 |aCanada. |bOffice of the Parliamentary Budget Officer, |eissuing body. |
| 775 | 08|tLe coût du cycle de vie du programme des F-35 du Canada – une analyse financière.|w(CaOODSP)9.930155 |
| 856 | 40|qPDF|s4.04 MB|uhttps://publications.gc.ca/collections/collection_2023/dpb-pbo/YN5-275-2023-eng.pdf |
| 986 | |aRP-2324-018-S_e ; |
| 986 | |aT_RP_3.0.1e |